Escudo de times desistentes do Campeonato Candango 2ª Divisão 2024 - Statistics

Estatísticas Gerais
  • Esse quiz foi jogado 13 vezes
  • A pontuação média é 6 de 8
Estatísticas das Respostas
Imagem Resposta % Correto
CFZ de Brasília
100%
Brasília FC
85%
Canaã EC
85%
Unaí EC
85%
ARUC
77%
Cruzeiro FC
77%
GE Brazlândia
54%
Bosque Formosa EC
38%
Nenhum quiz correspondente encontrado
Distribuição das Pontuações
Porcentagem de Pessoas com Cada Pontuação
Percentil de Números Respondidos
Sua Pontuação Histórica
Você não jogou esse quiz